000 00677nam a22001937a 4500
005 20210325175434.0
008 s2533 th tha d
041 _atha
050 _aN8193.2 อ33ป
100 0 _aอโนชา อิ่มเอิบ
245 1 0 _aประวัติพระแก้วมรกต พระพุทธมหามณีรัตนปฏิมากร
260 3 _aกรุงเทพฯ :
_bต้นอ้อ,
_c2533
300 _a80 หน้า :
_b ภาพประกอบ
650 0 4 _aพระแก้วมรกต
850 _aNALT
942 _cGB
997 _c000000000006760
998 _aNarumon Suwan
999 _c6760
_d6760